| 000 | 00521nam a22001457a 4500 | ||
|---|---|---|---|
| 003 | NUST | ||
| 005 | 20220727110011.0 | ||
| 082 | _a320.011, SEN | ||
| 100 | _aSen, Amartya | ||
| 245 |
_aThe Idea of Justice : _cby Amartya Sen |
||
| 260 |
_aPakistan/ London _bSvc Book Club _c2009 |
||
| 300 | _axxviii, 467: pages | ||
| 505 | _aPart-1: The Demands of Justice (Page-29), Part-2: Forms of Reasoning (Page-153), Part-3: The Materials of Justice (Page-223), Part-4: Public Reasoning and Democracy (Page-319). | ||
| 942 |
_2ddc _cBK |
||
| 999 |
_c590689 _d590689 |
||